| 000 | 00487nam a2200133Ia 4500 | ||
|---|---|---|---|
| 008 | 160809s9999 xx 000 0 und d | ||
| 100 | _aMartinez, Rachel. | ||
| 245 | _aRESPONSE TO INTERVENTION: HOW IS IT PRACTICED AND PERCEIVED | ||
| 245 | _cRachel Martinez, Andria Young University of Houston- Victoria. | ||
| 260 | _bInternational Journal of Special Education | ||
| 260 | _c2011 | ||
| 650 | _xSPECIAL EDUCATION | ||
| 856 | _uhttp://www.internationaljournalofspecialed.com/issues.php | ||
| 999 |
_c300461 _d300461 |
||